000 00494nam a2200169Ia 4500
003 GCL
008 140319s9999 xx 000 0 ara d
040 _aGCL /
_cGCL
082 0 4 _a621.3
_bع م
100 1 _aعلى رفعت حمدى
245 1 0 _aالمدخل الى الهندسة الكهربية /
_cعلى رفعت حمدى
260 _a[S.N] :
_bدار الراتب الجامعية
300 _a124 ص
490 _a
650 0 4 _aالهندسة الكهربية
942 _2ddc
_cBK
999 _c55604
_d55604